Linear circuits / (Record no. 13927)
[ view plain ]
| 000 -LEADER | |
|---|---|
| fixed length control field | 00938cam a2200253 4500 |
| 001 - CONTROL NUMBER | |
| control field | 13927 |
| 003 - CONTROL NUMBER IDENTIFIER | |
| rucl marc code | BD-RjUL |
| 005 - DATE AND TIME OF LATEST TRANSACTION | |
| control field | 20211208235535.0 |
| 008 - FIXED-LENGTH DATA ELEMENTS--GENERAL INFORMATION | |
| fixed length control field | 140203t1960 maua 00100 eng d |
| 035 ## - SYSTEM CONTROL NUMBER | |
| System control number | (CStRLIN)PASGPSU395846-B |
| 040 ## - CATALOGING SOURCE | |
| Original cataloging agency | PSt |
| Transcribing agency | PSt |
| Language of cataloging | eng |
| Modifying agency | BD -RjUL |
| 041 ## - LANGUAGE CODE | |
| Language code of text/sound track or separate title | eng |
| 082 04 - DEWEY DECIMAL CLASSIFICATION NUMBER | |
| Edition number | 16 |
| Classification number | 621.3815 |
| Author mark and year | SCL 1960 |
| 100 10 - MAIN ENTRY--PERSONAL NAME | |
| Personal name | Scott, Ronald E. |
| 9 (RLIN) | 43535 |
| 245 10 - TITLE STATEMENT | |
| Title | Linear circuits / |
| Statement of responsibility, etc. | by Ronald E. Scott; with the editorial assistance of Martin W. Essigman. |
| Number of part/section of a work | Part 1 |
| Name of part/section of a work | Time- Domain Analysis |
| 260 0# - PUBLICATION, DISTRIBUTION, ETC. (IMPRINT) | |
| Place of publication, distribution, etc. | Reading, Mass. : |
| Name of publisher, distributor, etc. | Addison-Wesley Pub. Co., |
| Date of publication, distribution, etc. | c1960. |
| 300 ## - PHYSICAL DESCRIPTION | |
| Pagination | V-1 (xii, 510 p.) : |
| Illustrations | illus. ; |
| Size | 24 cm. |
| 490 1# - SERIES STATEMENT | |
| Series statement | Addison-Wesley series in the engineering sciences; electrical and control systems |
| 504 ## - BIBLIOGRAPHY, ETC. NOTE | |
| Bibliography, etc | Includes index. |
| 650 #0 - SUBJECT ADDED ENTRY--TOPICAL TERM | |
| Topical term or geographic name as entry element | Electric circuits, Linear. |
| 9 (RLIN) | 43536 |
| Topical term or geographic name as entry element | Time-domain analysis. |
| 9 (RLIN) | 43537 |
| 830 #0 - SERIES ADDED ENTRY--UNIFORM TITLE | |
| Uniform title | Addison-Wesley series in the engineering sciences. |
| 942 ## - ADDED ENTRY ELEMENTS (KOHA) | |
| Source of classification or shelving scheme | Dewey Decimal Classification |
| Koha item type | Books |
| Lost status | Source of classification or shelving scheme | Materials specified (bound volume or other part) | Damaged status | Not for loan | Collection code | Permanent Location | Current Location | Shelving location | Date acquired | Source of acquisition | Cost, normal purchase price | Total Checkouts | Full call number | Date last seen | Copy number | Koha item type |
|---|---|---|---|---|---|---|---|---|---|---|---|---|---|---|---|---|
| Dewey Decimal Classification | V-1 | Not For Loan | Non-fiction | Central Library, University of Rajshahi | Central Library, University of Rajshahi | Reading Room | 29/01/1962 | B.H. Black well ltd england | 2.13 | 621.3815 SCL 1960 | 03/02/2014 | C-1 | Books |